MARC

Tag First Indicator Second Indicator Subfields
LEADER 00000cam a2200000 i 4500
001 in00000026926
005 20230724144311.0
008 880520t19881988moua bc 000 0 eng
010 |a  88142535  
019 |a 18006355  |a 1374627400 
020 |a 0875296246 
020 |a 9780875296241 
020 |a 0875296254  |q (pbk.) 
020 |a 9780875296258  |q (pbk.) 
020 |a 0826312020 
020 |a 9780826312020 
020 |a 0826311962 
020 |a 9780826311962 
029 1 |a YDXCP  |b 920575 
035 |a (OCoLC)ocm18587820  
035 |a (OCoLC)18587820  |z (OCoLC)18006355  |z (OCoLC)1374627400 
035 |a (OCoLC)ocm18587820  
040 |a DLC  |b eng  |e rda  |c DLC  |d OCLCQ  |d BTCTA  |d YDXCP  |d OCLCG  |d BNY  |d UBY  |d BDX  |d OCLCO  |d OCLCA  |d OCLCF  |d OCLCO  |d OCLCQ  |d HDC  |d OCLCO  |d LND  |d OCLCO  |d OCLCQ  |d OCLCO  |d GILDS  |d SNN  |d OCLCQ  |d OCLCO  |d KBE 
043 |a n-us-mo 
050 0 0 |a TR647  |b .C33 1988 
082 0 4 |a 779/.092/4  |2 19 
100 1 |a Davis, Keith F.,  |d 1952-  |e curator. 
245 1 0 |a Harry Callahan :  |b new color : photographs 1978-1987 /  |c Keith F. Davis. 
264 1 |a Kansas City, Mo. :  |b Hallmark Cards ;  |a [Place of publication not identified] :  |b Distributed by the University of New Mexico Press,  |c [1988] 
264 4 |c ©1988 
300 |a 131 pages :  |b illustrations (some color) ;  |c 25 x 31 cm 
336 |a still image  |b sti  |2 rdacontent 
336 |a text  |b txt  |2 rdacontent 
337 |a unmediated  |b n  |2 rdamedia 
338 |a volume  |b nc  |2 rdacarrier 
500 |a Published on the occasion of a traveling exhibition organized by and from the holdings of the Hallmark Photographic Collection. 
504 |a Includes bibliographical references (pages 125-127). 
600 1 0 |a Callahan, Harry M.  |v Exhibitions. 
610 2 0 |a Hallmark Cards, Inc.  |x Photograph collections  |v Exhibitions. 
650 0 |a Photography, Artistic  |v Exhibitions. 
650 0 |a Color photography  |v Exhibitions. 
650 6 |a Photographie artistique  |v Expositions. 
650 6 |a Photographie en couleurs  |v Expositions. 
600 1 7 |a Callahan, Harry M.  |2 fast  |0 (OCoLC)fst00010781 
610 2 7 |a Hallmark Cards, Inc.  |2 fast  |0 (OCoLC)fst00511593 
650 7 |a Color photography.  |2 fast  |0 (OCoLC)fst00868596 
650 7 |a Photograph collections.  |2 fast  |0 (OCoLC)fst01061600 
650 7 |a Photography, Artistic.  |2 fast  |0 (OCoLC)fst01061964 
655 7 |a exhibition catalogs.  |2 aat 
655 7 |a Exhibition catalogs.  |2 fast  |0 (OCoLC)fst01424028 
655 7 |a Exhibition catalogs.  |2 lcgft 
655 7 |a Catalogues d'exposition.  |2 rvmgf 
700 1 |a Callahan, Harry M.,  |e photographer. 
710 2 |a Hallmark Cards, Inc. 
938 |a Brodart  |b BROD  |n 39120341  |c $19.95 
938 |a Baker and Taylor  |b BTCP  |n 88142535 
938 |a YBP Library Services  |b YANK  |n 920575 
948 |h HELD BY TXA - 286 OTHER HOLDINGS 
994 |a Z0  |b TXA 
999 f f |s 47d2759d-6917-3156-a982-c66f7a2a0825  |i 01766c1e-4506-3d3b-8e95-afdb5442067a  |t 0 
952 f f |p ric  |a Texas A&M University  |b Rellis Campus  |c Joint Library Facility  |s JLF  |d Remote Storage  |t 0  |e TR654 .C323 1988  |h Library of Congress classification  |i unmediated -- volume  |m A14811073445